LEADER 00899nam0-22003011i-450- 001 990006482400403321 005 20001010 035 $a000648240 035 $aFED01000648240 035 $a(Aleph)000648240FED01 035 $a000648240 100 $a20001010d--------km-y0itay50------ba 101 0 $aita 105 $ay-------001yy 200 1 $a<>INSTITUTIONS administratives des etas francophones d'Afrique noire$fSous la direction de Gerard Conac 210 $aParis$cEconomica$d1979. 215 $aLXIV, 314 p.$d24 cm 225 1 $a<>Vie du Droit en Afrique$v 676 $a342.67 702 1$aConac,$bGerard 801 0$aIT$bUNINA$gRICA$2UNIMARC 901 $aBK 912 $a990006482400403321 952 $aXIV E 3126$b5413$fFSPBC 959 $aFSPBC 996 $aINSTITUTIONS administratives des etas francophones d'Afrique noire$9652721 997 $aUNINA DB $aGEN01 LEADER 00906nam a22002531i 4500 001 991000337309707536 005 20031208201739.0 008 040204s1987 it |||||||||||||||||ita 035 $ab12601688-39ule_inst 035 $aARCHE-060889$9ExL 040 $aDip. SSC$bita$cA.t.i. Arché s.c.r.l. Pandora Sicilia s.r.l. 082 04$a005.13 100 1 $aFasano, Margherita$0155568 245 10$aAutomi /$cMargherita Fasano 260 $aFirenze :$bLa nuova Italia,$c1987 300 $a46 p. ;$c26 cm 440 0$aProgetto IRIS promosso dal Centro Europeo dell'Educazione ;$v1 650 4$aElaboratori elettronici 907 $a.b12601688$b02-04-14$c12-02-04 912 $a991000337309707536 945 $aLE021 DI3F33$g1$iLE021N-2836$lle021$o-$pE0.00$q-$rl$s- $t0$u0$v0$w0$x0$y.i13082644$z12-02-04 996 $aAutomi$9277596 997 $aUNISALENTO 998 $ale021$b12-02-04$cm$da $e-$fita$git $h0$i1